000 00654nam a2200265Ia 4500
005 20260320203245.0
008 008 262003s9999 xx 000 0 eng d
020 _a978-3-031-57077-3
037 _aEBOOK
040 _aCRL
040 _beng
040 _cCRL
041 _2eng
041 _aeng
084 _qCRL
100 _aSteven G. Smith
_91136894
245 4 _aThe Meaning of Height in Aspiration, Responsibility, and Higher Education
260 _bSpringer
260 _c2024
650 _aPhilosophy
856 _uhttps://doi.org/10.1007/978-3-031-57077-3
942 _cEBOOK
999 _c1725921
_d1725921